| 000 | 00481nam a2200169Ia 4500 | ||
|---|---|---|---|
| 003 | GCL | ||
| 008 | 140319s9999 xx 000 0 ara d | ||
| 040 |
_aGCL / _cGCL |
||
| 082 | 0 | 4 |
_a910.01 _bى ج |
| 100 | 1 | _aيسرى الجوهرى | |
| 245 | 1 | 0 |
_aالجغرافيا منهج وتطبيق / _cيسرى الجوهرى |
| 260 |
_a[S.N] : _bدار الجامعات المصرية ، _c1980 |
||
| 300 | _a382 ص | ||
| 490 | _a | ||
| 650 | 0 | 4 | _aالجغرافيا |
| 942 |
_2ddc _cBK |
||
| 999 |
_c52782 _d52782 |
||